| 000 | 00640nam a22001937a 4500 | ||
|---|---|---|---|
| 999 |
_c7097 _d7097 |
||
| 003 | AR-CdUCM | ||
| 008 | 190319b ||||| |||| 00| 0 esp d | ||
| 040 |
_aMUNICIPALIDAD PROVINCIAL DEL CUSCO _cBIBLIOTECA MUNICIPAL DEL CUSCO |
||
| 082 |
_a947.084 / _bZ72 |
||
| 100 |
_aZetkin,Clara _919991 |
||
| 245 |
_aRecuerdos sobre Lenin / _cClara Zetkin. |
||
| 260 |
_aMéxico : _bGrijalbo, _c1968. |
||
| 300 |
_a159 páginas ; _c18 cm. |
||
| 505 | _aNicolás Bujarin -- De su juventud -- Desde la deportación ... | ||
| 650 |
_aMujer revolucionaria _919992 |
||
| 650 |
_aVanguardia del proletariado _919993 |
||
| 942 |
_2ddc _cLIBROS |
||
| 945 | _aacrt | ||